Normal view
MARC view
- ANNU T. MEEMPORE
Entry Personal Name
001 - CONTROL NUMBER
- control field: 2432
003 - CONTROL NUMBER IDENTIFIER
- control field: OSt
005 - DATE AND TIME OF LATEST TRANSACTION
- control field: 20171229104542.0
008 - FIXED-LENGTH DATA ELEMENTS
- fixed length control field: 171229|| aca||aabn | a|a d
040 ## - CATALOGING SOURCE
- Original cataloging agency: OSt
- Transcribing agency: OSt
100 ## - HEADING--PERSONAL NAME
- Personal name: ANNU T. MEEMPORE
670 ## - SOURCE DATA FOUND
- Source citation: Work cat.: (OSt)14948: ANNU T. MEEMPORE PRATHISH DEVAN, Development of a cut, hold and convey mechanism for harvesting fruits
